| 000 | 00698nam a2200157 a 4500 | ||
|---|---|---|---|
| 008 | 151102s2004 ||||||||||||||||| || u | ||
| 050 | _aRD 37.2 Anw | ||
| 100 | _aAnwar, Rahij | ||
| 245 | 1 | 0 |
_aMCQs for the MRCS examination: applied basic sciences with explanatory answers _cBy Rahij Anwar |
| 260 |
_aNew Delhi _bJaypee Brothers Medical publishers _c2004 |
||
| 300 | _axii, 160p.: ill. | ||
| 350 | _a4.88 | ||
| 650 | _aSURGERY -- EXAMINATIONS, QUESTIONS, ETC | ||
| 650 | _aMEDICINE -- EXAMINATIONS, QUESTIONS, ETC | ||
| 995 |
_aMEDICAL LIBRARY OPEN ACCESS _e903280 _FCBU-SCHOOL OF MEDICINE LIBRARY (Ndola) _I4.88 _jRD 37.2 Anw _M1 _UAVAILABLE _WJan 25, 2016 _y903280 _ZMedical Library Open Access Collection |
||
| 999 |
_c32001 _d32001 |
||